000 00980nam a2200229Ia 4500
003 OSt
005 20200909161149.0
008 191128s1995 ck fr 000 0 spa d
020 _a8482724940
040 _aCO-JMCR
_cCO-JMCR
041 0 _aspa
082 0 4 _a364 /
_bM385a
_223
100 1 _aMartínez Sánchez, Mauricio,
_eautor
_910061
245 1 3 _aLa abolición del sistema penal :
_binconvenientes en Latinoamérica /
_cMauricio Martínez Sánchez ; prólogo Juan Bustos Ramírez
260 _aBogotá :
_bTemis,
_c1995
300 _axiv, 125 páginas ;
_c20 cm.
505 0 _aFundamentos teóricos de abolicionismo -- El problema social "sistema penal" el sistema acusado por los abolicionistas -- Alternativas al sistema penal propuestas por los abolicionistas
650 1 4 _aCriminología
_xensayos, conferencias, etc.
_910062
650 1 4 _aDerecho penal
_xensayos, conferencias, etc.
_910063
700 1 _aBustos Ramírez, Juan,
_eprologuista
_910064
942 _2ddc
_cBK
999 _c3681
_d3681